Polska na Eurowizji od 1994 - Statystyki

Ogólne statystyki
  • Ten quiz został rozwiązany 55 razy
  • Średni wynik to 25 z 56
Statystyki odpowiedzi
Rok Autor % Poprawnych
1994 Edyta Górniak
97%
1995 Justyna Steczkowska
95%
2016 Michał Szpak
92%
2023 Blanka
89%
2003 Ich Troje
89%
2006 Ich Troje
89%
2025 Justyna Steczkowska
89%
2024 Luna
89%
2014 Donatan i Cleo
81%
2022 Ochman
81%
2021 Rafał Brzozowski
78%
2020 Alicja Szemplińska
65%
2017 Kasia Moś
65%
2011 Magdalena Tul
65%
2019 Tulia
62%
Gaja
59%
Solo
57%
To Nie Ja
57%
2001 Andrzej Piaseczny
54%
My Słowianie
51%
The Tower
51%
1996 Kasia Kowalska
49%
1999 Mietek Szcześniak
49%
1997 Anna Maria Jopek
46%
2004 Blue Cafe
46%
River
43%
Color Of Your Life
41%
2018 Gromee ft. Lukas Meijer
41%
2015 Monika Kuszyńska
38%
2008 Isis Gee
35%
Jestem
35%
Pali Się
35%
Sama
35%
The Ride
35%
Keine Grenzen
32%
Light Me Up
32%
Empires
30%
2007 The Jet Set
30%
Flashlight
27%
2009 Lidia Kopania
27%
2010 Marcin Mroziński
27%
2005 Ivan i Delfin
22%
1998 Sixteen
22%
Chcę Znać Swój Grzech
19%
Czarna Dziewczyna
16%
In The Name Of Love
16%
Legenda
16%
Ale Jestem
14%
Follow My Heart
14%
2 Long
11%
Love Song
11%
Przytul Mnie Mocno
8%
Time To Party
8%
To Takie Proste
8%
For Life
5%
I Don't Wanna Leave
5%
Nie znaleziono quizów pasujących do podanych kryteriów
Rozkład punktacji
Procent ludzi z każdym wynikiem
Percentyl według liczby udzielonych odpowiedzi
Twoja historia wyników
Nie rozwiązałeś tego quizu